00459 a2200169 450000100060000002000150000604000240002110000220004524000280006724500230009530000060011836200060012465000310013094200070016195201040016899900170027246788 a8576350971 cAnchieta - Aquarius aLeemans, Philippe10aA porta misteriosalpor10aA porta misteriosa a 0 a0 4aLiteratura infanto-juvenil cBK 00104070a87.1b87.1d2023-11-21l0o028.5 LEE PORp4917/AQUr2023-11-21 15:13:28w2023-11-21yBK c46788d46788